Catholic University of Zimbabwe Library
Online Public Access Catalogue
(OPAC)

Re-living the second Chimurenga: memories from the liberation struggle in Zimbabwe (Record no. 16785)

MARC details
000 -LEADER
fixed length control field 00441nam a2200133Ia 4500
008 - FIXED-LENGTH DATA ELEMENTS--GENERAL INFORMATION
fixed length control field 191206s9999 xx 000 0 und d
020 ## - INTERNATIONAL STANDARD BOOK NUMBER
International Standard Book Number 9171065512 (Nordic A
090 ## -
-- D2990.C47
245 #0 - TITLE STATEMENT
Title Re-living the second Chimurenga: memories from the liberation struggle in Zimbabwe
260 ## - PUBLICATION, DISTRIBUTION, ETC.
Place of publication, distribution, etc. Nordic Africa Institute
260 ## - PUBLICATION, DISTRIBUTION, ETC.
Date of publication, distribution, etc. c2006
300 ## - PHYSICAL DESCRIPTION
Extent 358 p. : ill. ; 22 cm.
Holdings
Withdrawn status Lost status Source of classification or shelving scheme Damaged status Not for loan Home library Current library Date acquired Inventory number Total Checkouts Full call number Barcode Date last seen Price effective from Koha item type
          CUZ Bulawayo Campus CUZ Bulawayo Campus 06.12.2019 CUB00719   D2990.C47 BBK001457 06.12.2019 06.12.2019 OS Book

OPENING HOURS

Weekdays: 0815hrs - 1800hrs
Weekends:0900hrs - 1200hrs

Closed for Mass:

Mon, Thur: 1200hrs - 1300hrs
Sunday & Public Holiday’s

CALL SUPPORT

0242-570570, 0242-570169
09200664, +263 8644140602

LOCATION

18443, Cranborne Avenue, Hatfield, Harare

Other Links


©2021 | CUZ Library